000 00320nam a2200145 i 4500
001 bg
245 0 _aAnglo-russkij slovar'.
250 _aIzd.3 ispravl. i dopol.
260 _aMoskva,
_c1950.
040 _cBPK
041 _apol
080 _a802.0:808.2
942 _cKS
008 s pl f |000 0 pol
999 _c16250
_d16250